Modificaciones en materia de cotización al régimen general de la Seguridad Social (Record no. 109800)

MARC details
000 -LEADER
campo de control de longitud fija 00569nam a2200157 4500
001 - NÚMERO DE CONTROL
campo de control 109800
003 - IDENTIFICADOR DE NÚMERO DE CONTROL
campo de control ES-MaACL
005 - FECHA Y HORA DE LA ÚLTIMA TRANSACCIÓN
campo de control 20230906184920.0
007 - CAMPO FIJO DE DESCRIPCIÓN FÍSICA--INFORMACIÓN GENERAL
campo de control de longitud fija t|
008 - DATOS DE LONGITUD FIJA--INFORMACIÓN GENERAL
campo de control de longitud fija 061121s1972 sp r ||||1| spa d
245 00 - MENCIÓN DEL TÍTULO
Título Modificaciones en materia de cotización al régimen general de la Seguridad Social
Resto del título : Vigencia, 1 de Julio de 1972.
260 ## - PUBLICACIÓN, DISTRIBUCIÓN, ETC.
Lugar de publicación, distribución, etc. Granada :
Nombre del editor, distribuidor, etc. Colegio Oficial de Graduados Sociales de Andalucía,
Fecha de publicación, distribución, etc. 1972.
300 ## - DESCRIPCIÓN FÍSICA
Extensión 162 p. ;
Dimensiones 17 cm.
710 2# - ENTRADA AGREGADA--NOMBRE DE ENTIDAD CORPORATIVA
Nombre de entidad corporativa o nombre de jurisdicción como elemento de entrada Colegio Oficial de Graduados Sociales de Andalucía.
9 (RLIN) 2968
852 ## - LOCALIZACIÓN
Ubicación ES-MaACL
Número de control de estantería C-45500
Sublocalización o colección R.83635
Holdings
Estatus retirado Estado de pérdida Estado de daño No para préstamo Biblioteca de origen Biblioteca actual Ubicación en estantería Fecha de adquisición Fuente de adquisición Total de préstamos Signatura topográfica completa Código de barras Visto por última vez Precio de reemplazo Tipo de ítem Koha
        Biblioteca del Ateneo de Madrid Biblioteca del Ateneo de Madrid Depósito 2 17/01/2008     C-45500 1114563 23/02/2023 23/02/2023 Libro impreso